La politique extérieure de l'Allemagne depuis 1945 : la puissance retrouvée (notice n° 2198762)

détails MARC
000 -LEADER
fixed length control field 01589cam a2200145 4500500
005 - DATE AND TIME OF LATEST TRANSACTION
control field 20260405085604.0
041 ## - LANGUAGE CODE
Language code of text/sound track or separate title fre
042 ## - AUTHENTICATION CODE
Authentication code dc
100 10 - MAIN ENTRY--PERSONAL NAME
Personal name Schirmann, Sylvain
Relator term author
245 00 - TITLE STATEMENT
Title La politique extérieure de l'Allemagne depuis 1945 : la puissance retrouvée
260 ## - PUBLICATION, DISTRIBUTION, ETC.
Name of publisher, distributor, etc. Armand Colin,<br/>
Date of publication, distribution, etc. 2023.<br/>
520 ## - SUMMARY, ETC.
Summary, etc. De la politique étrangère de l’Allemagne, on conserve souvent à l’esprit quelques idées forces héritées du passé récent  : l’Allemagne serait surtout un géant économique et resterait un nain politique, un acteur avant tout pacifique sur la scène internationale, un pays dont la politique extérieure serait concentrée sur l’espace européen. En ancrant cette histoire dans la moyenne durée, de 1945 à nos jours, cet ouvrage fait apparaître les éléments de continuité mais aussi les grandes ruptures dans la politique étrangère allemande. Il montre comment les Allemagnes puis l’Allemagne réunifiée se sont progressivement affirmées sur la scène internationale, sur le plan économique et politique, mais aussi d’un point de vue culturel et militaire. Il analyse la montée en puissance du pays sur la scène internationale aussi bien que les limites de son action et souligne, un peu plus de 70 ans après la création de la République fédérale d’Allemagne, combien ce pays, au cœur de l’Europe, est redevenu une puissance globale.
700 10 - ADDED ENTRY--PERSONAL NAME
Personal name Libera, Martial
Relator term author
856 41 - ELECTRONIC LOCATION AND ACCESS
Uniform Resource Identifier <a href="https://shs.cairn.info/la-politique-exterieure-de-l-allemagne-depuis-1945--9782200634032?lang=fr&redirect-ssocas=7080">https://shs.cairn.info/la-politique-exterieure-de-l-allemagne-depuis-1945--9782200634032?lang=fr&redirect-ssocas=7080</a>

Pas d'exemplaire disponible.

PLUDOC

PLUDOC est la plateforme unique et centralisée de gestion des bibliothèques physiques et numériques de Guinée administré par le CEDUST. Elle est la plus grande base de données de ressources documentaires pour les Étudiants, Enseignants chercheurs et Chercheurs de Guinée.

Adresse

627 919 101/664 919 101

25 boulevard du commerce
Kaloum, Conakry, Guinée

Réseaux sociaux

Powered by Netsen Group @ 2025